Giáo trình thương phẩm học

Trình bày đối tượng nghiên cứu, nội dung và phương pháp nghiên cứu về thương phẩm học. Phân loại sản phẩm, hàng hoá, mặt hàng và cơ cấu mặt hàng, chất lượng sản phẩm, mã số, mã vạch và xuất xứ hàng hoá, nhãn hàng hoá và nhãn hiệu...

Description complète

Enregistré dans:
Détails bibliographiques
Auteur principal: Đặng, Đình Đào
Format: Livre
Langue:Undetermined
Publié: Hà Nội Đại học Kinh tế Quốc dân 2008
Sujets:
Tags: Ajouter un tag
Pas de tags, Soyez le premier à ajouter un tag!
Thư viện lưu trữ: Trung tâm Học liệu Trường Đại học Cần Thơ
LEADER 01044nam a2200205Ia 4500
001 CTU_163455
008 210402s9999 xx 000 0 und d
020 |c 36000 
082 |a 380.1 
082 |b Đ108 
100 |a Đặng, Đình Đào 
245 0 |a Giáo trình thương phẩm học 
245 0 |c Chủ biên Đặng Đình Đào, Nguyễn Thị Xuân Hương, Phan Tố Uyên 
260 |a Hà Nội 
260 |b Đại học Kinh tế Quốc dân 
260 |c 2008 
520 |a Trình bày đối tượng nghiên cứu, nội dung và phương pháp nghiên cứu về thương phẩm học. Phân loại sản phẩm, hàng hoá, mặt hàng và cơ cấu mặt hàng, chất lượng sản phẩm, mã số, mã vạch và xuất xứ hàng hoá, nhãn hàng hoá và nhãn hiệu hàng hoá,... 
650 |a Commerce,Thương mại 
904 |i Trọng Hiếu 
980 |a Trung tâm Học liệu Trường Đại học Cần Thơ